000 00294nam a22001337a 4500
008 170926b xxu||||| |||| 00| 0 eng d
020 _a9780805828825
041 _aeng
080 _a37
100 _a46
101 _aEDU
245 _aEARLY CHILDHOOD EDUCATION
_cKROGH, S.L
942 _2udc
_cBK
999 _c29825
_d29825